000 00694nam a2200253Ia 4500
003 OSt
005 20220925210204.0
006 a|||||r|||| 00| 0
007 ta
008 220923b |||||||| |||| 00| 0 eng d
037 _cGeneral Book
040 _aRTL
_cRTL
_beng
041 _2eng
_aeng
082 _aX:8F, L7
100 _aGriffin Charles H
_9270647
245 0 _aAdvanced accounting
250 _a3ed
260 _aIllinois
_bRichard D Irwin
_c1977
300 _axviii, 793p. Appendix p773-75
_ccm.
490 _aWillard J Graham series in accounting
650 _aBudgeting
942 _hX:8F, L7
_cGB
_2CC
999 _c554365
_d554365